000 00247nam a2200109Ia 4500
008 190216s9999||||xx |||||||||||||| ||und||
100 _aNesmeganov N Am
245 0 _aRadio Chemistry
260 _bMir Pubs Moscow
650 _aChemistry
942 _cBK
999 _c2096
_d2096